000 00803nam a2200253Ia 4500
003 OSt
005 20221005113401.0
006 a|||||r|||| 00| 0
007 ta
008 221004b |||||||| |||| 00| 0 pan d
020 _c125
024 _a11734
037 _b820, 13/03/2014, H.K. Prakashan
_cTextual
040 _aCRL
_cCRL
_bpan
041 _2pan
_apan
082 _aO153,1NINx, Q2
100 _aਇੰਦੇ
245 0 _aਦਸ ਬਾਰਾਂ ਦਾ ਤੋਤਾ
260 _aਲੁਧਿਆਣਾ
_bਅਸਥੈਟਿਕ ਪਬਲੀFਰਗ਼ ਭਾਰਤ
_c2012
300 _a72ਪੰ
_ccm.
650 _aਪੰਜਾਬੀ ਸਾਹਿਤ
942 _hO153,1NINx, Q2
_cTEXL
_2cc
999 _c1028001
_d1028001